Culture Générale - Série 1832 - Statistiques

Statistiques générales
  • Ce quiz a été pris 197 fois
  • Le résultat moyen est 4 sur 10
Statistiques - réponses
Question Réponse % Correct
Comment écrit-on 54 en chiffres romains ? LIV
85%
Dans quel pays se trouve la ville d'Ispahan ? Iran
71%
Dans quel pays se trouvent les lacs de Titisee, Schluchsee et Feldsee ? Allemagne
63%
De quel pays le "baht" est-il l'unité monétaire ? Thaïlande
51%
Dans un jeu de billes, comment appelle-t-on la grosse bille ? calot
37%
Sous quel nom connaissait-on mieux Madeleine Cinquin (1908-2008) ? Soeur Emmanuelle
35%
Dans quel quartier de Paris se trouve l'hôtel de Rohan qui abrite une partie des archives nationales ? Marais
27%
Quel nom donne-t-on à la truite sauvage ? fario
14%
Quel sorte d'arbre est le rotin ou rotang ? palmier
2%
Quel légume tropical est aussi appelé colocase, songe, eddo ou chou de Chine ? taro
2%
Aucun quiz correspondant
Distribution des résultats
% des personnes avec chaque résultat
Percentile par nombre de réponses
Votre historique - résultats
Vous n’avez pas pris ce quiz